| 000 | 01227cab a2200181 4500 | ||
|---|---|---|---|
| 001 | ##L131326 | ||
| 008 | 051020n2005 000 0 eng u | ||
| 035 | _a(Sirsi) u131326 | ||
| 041 | 0 | _aeng | |
| 100 | 1 | _aTinworth, Adam | |
| 245 | 0 | 0 | _aWhat's the score? |
| 260 | 3 | _c2005 | |
| 490 | 0 |
_aEstates Gazette _v(0541) 15 October 2005, 72-73(2) |
|
| 520 | _aLooks at the problems and future of performance measurement in the final article of a series on property research (see also L131110, L131183 and L131278). Describes the formal side of performance measurement where investment performance is measured against a published benchmark index. Researchers in this field all feel that the transparency of performance information will increase with the shift from segregated funds to pooled vehicles. and the desire of many funds to be listed in the HSBC/APUT indices. Discusses the Global Investment Performance Standard, a reporting standard published in April 1999 aimed at the management houses, and suggests the way property asset classes are defined needs to become more sophisticated. | ||
| 590 | _aIKA251005 | ||
| 690 | _aPROPERTY-PROPERTY FINANCE AND INVESTMENT-PROPERTY INVESTMENT PERFORMANCE MEASUREMENT | ||
| 942 | _n0 | ||
| 999 |
_c76041 _d76041 |
||